Fundamentals of NeuroIS Information Systems and the Brain /

This authored volume presents the fundamentals of NeuroIS, which is an emerging subfield within the Information Systems discipline that makes use of neuroscience and neurophysiological tools and knowledge to better understand the development, use, and impact of information and communication technolo...

Full description

Bibliographic Details
Main Authors: Riedl, René (Author), Léger, Pierre-Majorique (Author)
Corporate Author: SpringerLink (Online service)
Format: Electronic eBook
Language:English
Published: Berlin, Heidelberg : Springer Berlin Heidelberg : Imprint: Springer, 2016.
Series:Studies in Neuroscience, Psychology and Behavioral Economics,
Subjects:
Online Access:Full Text via HEAL-Link
LEADER 02911nam a22005775i 4500
001 978-3-662-45091-8
003 DE-He213
005 20170519041422.0
007 cr nn 008mamaa
008 151130s2016 gw | s |||| 0|eng d
020 |a 9783662450918  |9 978-3-662-45091-8 
024 7 |a 10.1007/978-3-662-45091-8  |2 doi 
040 |d GrThAP 
050 4 |a QA76.9.U83 
050 4 |a QA76.9.H85 
072 7 |a UYZG  |2 bicssc 
072 7 |a COM070000  |2 bisacsh 
082 0 4 |a 005.437  |2 23 
082 0 4 |a 4.019  |2 23 
100 1 |a Riedl, René.  |e author. 
245 1 0 |a Fundamentals of NeuroIS  |h [electronic resource] :  |b Information Systems and the Brain /  |c by René Riedl, Pierre-Majorique Léger. 
264 1 |a Berlin, Heidelberg :  |b Springer Berlin Heidelberg :  |b Imprint: Springer,  |c 2016. 
300 |a XIII, 115 p. 30 illus., 17 illus. in color.  |b online resource. 
336 |a text  |b txt  |2 rdacontent 
337 |a computer  |b c  |2 rdamedia 
338 |a online resource  |b cr  |2 rdacarrier 
347 |a text file  |b PDF  |2 rda 
490 1 |a Studies in Neuroscience, Psychology and Behavioral Economics,  |x 2196-6605 
505 0 |a Introduction to NeuroIS -- A Primer on Neurobiology and the Brain for Information Systems Scholars -- Tools in NeuroIS Research: An Overview -- Topics in NeuroIS and a Taxonomy of Neuroscience Theories in NeuroIS -- quot;Times New Roman";mso-ansi-language:EN-CA;mso-fareast-language:DE;mso-bidi-language: AR-SA">Establishing and Operating a NeuroIS Lab. 
520 |a This authored volume presents the fundamentals of NeuroIS, which is an emerging subfield within the Information Systems discipline that makes use of neuroscience and neurophysiological tools and knowledge to better understand the development, use, and impact of information and communication technologies. This book is an initial guide to this new research domain. The target audience primarily comprises PhD students and researchers, but the book may also be beneficial for graduate students and practitioners. 
650 0 |a Computer science. 
650 0 |a Information technology. 
650 0 |a Business  |x Data processing. 
650 0 |a User interfaces (Computer systems). 
650 0 |a Neurobiology. 
650 0 |a Biomedical engineering. 
650 0 |a Neuropsychology. 
650 1 4 |a Computer Science. 
650 2 4 |a User Interfaces and Human Computer Interaction. 
650 2 4 |a Neurobiology. 
650 2 4 |a Biomedical Engineering. 
650 2 4 |a Neuropsychology. 
650 2 4 |a IT in Business. 
700 1 |a Léger, Pierre-Majorique.  |e author. 
710 2 |a SpringerLink (Online service) 
773 0 |t Springer eBooks 
776 0 8 |i Printed edition:  |z 9783662450901 
830 0 |a Studies in Neuroscience, Psychology and Behavioral Economics,  |x 2196-6605 
856 4 0 |u http://dx.doi.org/10.1007/978-3-662-45091-8  |z Full Text via HEAL-Link 
912 |a ZDB-2-SCS 
950 |a Computer Science (Springer-11645)